000 00372cam a22001337a 4500
008 180718b1960 xxu||||| |||| 00| 0 eng d
082 _aDx56 B223
100 _aBanerji, J.K.
245 _aMiddle East in world politics
_cby J.K. Banerji
260 _aCalcutta
_bWorld Press
_c1960
300 _a390p.
500 _aRs.20.50
650 _aMiddle East --History --20th century
999 _c358933
_d358933